000 00540nam a22001937a 4500
003 OSt
008 250827b |||||||| |||| 00| 0 eng d
020 _a8120400895
082 _a330.015195
_bM18I
100 _aMadnani, G. M. K.
245 _aIntroduction to Econometrics : principles and applications /
_cby G. M. K. Madnani
250 _a3rd ed.
260 _a.- New Delhi
_b: Oxford IBH Publishing
_c, 1986
300 _axii,439p.
650 _aSocial Sciences
650 _aEconomics
650 _aEconometrics
942 _2ddc
_cDB
999 _c48801
_d48801